Historia del papel en México y cosas relacionadas (Record no. 5463)
[ view plain ]
| 000 -CABECERA | |
|---|---|
| campo de control de longitud fija | 00763nam a2200241 a 4500 |
| 001 - NÚMERO DE CONTROL | |
| campo de control | BRCA_5774 |
| 005 - FECHA Y HORA DE LA ÚLTIMA TRANSACCIÓN | |
| campo de control | 20190320205218.0 |
| 008 - DATOS DE LONGITUD FIJA--INFORMACIÓN GENERAL | |
| campo de control de longitud fija | 151112s1990----mx-#######---#000-0#spa-# |
| 020 ## - NÚMERO INTERNACIONAL ESTÁNDAR DEL LIBRO | |
| Número Internacional Estándar del Libro | 9688422150 |
| 041 ## - CÓDIGO DE LENGUA | |
| Código de lengua del texto/banda sonora o título independiente | spa |
| 044 ## - CÓDIGO DEL PAÍS DE LA ENTIDAD EDITORA/PRODUCTORA | |
| Código MARC del país | mx |
| 050 #4 - SIGNATURA TOPOGRÁFICA DE LA BIBLIOTECA DEL CONGRESO | |
| Número de clasificación | HD9834.M4 |
| Número de documento/Ítem | .L46 1990 |
| 100 1# - ENTRADA PRINCIPAL--NOMBRE DE PERSONA | |
| Nombre de persona | Lenz, Hans |
| 9 (RLIN) | 14649 |
| 245 10 - MENCIÓN DE TÍTULO | |
| Título | Historia del papel en México y cosas relacionadas |
| Resto del título | (1525-1950) |
| Mención de responsabilidad, etc. | Hans Lenz. |
| 260 ## - PUBLICACIÓN, DISTRIBUCIÓN, ETC. | |
| Lugar de publicación, distribución, etc. | México |
| Nombre del editor, distribuidor, etc. | Miguel Angel Porrúa |
| Fecha de publicación, distribución, etc. | 1990 |
| 300 ## - DESCRIPCIÓN FÍSICA | |
| Extensión | 798 p. |
| Otras características físicas | il. (algunas a color) |
| Dimensiones | 28 cm. |
| 500 ## - NOTA GENERAL | |
| Nota general | Incluye índice onomástico e índice de ilustraciones |
| 500 ## - NOTA GENERAL | |
| Nota general | Colección Sonia Corcuera de Mancera |
| 504 ## - NOTA DE BIBLIOGRAFÍA, ETC. | |
| Nota de bibliografía, etc. | Bibliografía: p. 761-771 |
| 650 14 - PUNTO DE ACCESO ADICIONAL DE MATERIA--TÉRMINO DE MATERIA | |
| Término de materia o nombre geográfico como elemento de entrada | Industria del papel |
| Subdivisión general | Historia |
| Subdivisión geográfica | México |
| 9 (RLIN) | 14650 |
| 902 ## - CATALOGADOR | |
| Iniciales | DSC |
| 942 ## - ELEMENTOS DE PUNTO DE ACCESO ADICIONAL (KOHA) | |
| Fuente del sistema de clasificación o colocación | Library of Congress Classification |
| Tipo de ítem Koha | Libros |
| Estado de retiro | Estado de pérdida | Estado dañado | No para préstamo | Localización permanente | Ubicación/localización actual | Fecha de adquisición | Total de préstamos | Signatura topográfica completa | Código de barras | Fecha visto por última vez | Precio válido a partir de | Tipo de ítem Koha |
|---|---|---|---|---|---|---|---|---|---|---|---|---|
| El ejemplar forma parte de la colección y puede ser consultado según las políticas vigentes. | Biblioteca del Museo Franz Mayer (Rogerio Casas-Alatriste) | Biblioteca del Museo Franz Mayer (Rogerio Casas-Alatriste) | 09/03/2011 | HD9834.M4 .L46 1990 | DSC00127 | 22/03/2019 | 22/03/2019 | Libros |